[Event "Dubrovnik Advent op"]
[Site "Dubrovnik"]
[Date "2023.12.02"]
[Round "4"]
[White "Ognjenovic, Nenad"]
[Black "Matijevic, Jure"]
[Result "0-1"]
[WhiteElo "1779"]
[BlackElo "2046"]
[PlyCount "58"]
[EventDate "2023.12.01"]
[EventType "swiss"]
[EventRounds "6"]
[EventCountry "CRO"]
[SourceTitle "CB49_2023"]
[SourceDate "2023.12.06"]
[SourceVersion "1"]
[SourceVersionDate "2023.12.06"]
[SourceQuality "1"]

1. e4 c5 2. Nf3 a6 3. c3 b5 4. a4 Bb7 5. axb5 Bxe4 6. bxa6 Qb6 7. Be2 Nxa6 8. d3 Bb7 9. 0-0 Nf6 10. Nbd2 d5 11. d4 Nd7 12. Bd3 e6 13. Re1 Be7 14. Bc2 0-0 15. Nf1 Nc7 16. Rxa8 Rxa8 17. Ng3 Ra1 18. Nf5 Bf6 19. Nh6+ gxh6 20. Qd3 Nf8 21. Bxh6 Rxe1+ 22. Nxe1 cxd4 23. cxd4 Ng6 24. h4 Bxh4 25. Nf3 Bf6 26. Ne5 Qxb2 27. Nxg6 hxg6 28. Qd1 Qxd4 29. Qb1 Qa1 0-1